000 01759nam0a2200325 i 4500
001 RU\NLR\BIBL_A\011178418
005 20240921152248.0
010 _a9785502007054
_975
021 _aRU
_b2016-51504
_93293
021 _aRU
_b2016-51504
_93517
035 _a(NILC)RuMoRGB-008534090
035 _a(NLR Aleph) 011178418
090 _a11805706
_c11805706
100 _a20160720d2016 u y0rusy50 ca
101 0 _arus
102 _aRU
105 _aa|||j|||000yy
200 1 _aТеория сварочных процессов
_eучебное пособие для студентов всех форм обучения по специальности "Оборудование и технология сварочного производства"
_fБ. П. Конищев
_gМ-во образования и науки Российской Федерации, Федеральное гос. бюджетное образовательное учреждение высш. проф. образования "Нижегородский гос. технический ун-т им. Р. Е. Алексеева"
210 _aНижний Новгород
_cНижегородский государственный технический университет
_d2016
215 _a230 с.
_cил.
_d20
320 _aБиблиогр.: с. 168-173 (63 назв.)
606 1 _aСварка
_jУчебные издания для высших учебных заведений
_xТеория
_91568683
_3RU\NLR\AUTH\66986851
675 _a621.7
686 1 _aК641-1я73-1
700 1 _aКонищев
_bБ. П.
_gБорис Петрович
801 0 _aRU
_bРГБ
_c20160701
_gRCR
942 _cBOOK
980 _aNBR